书目信息 |
| 题名: |
林耀基小提琴教学法精要
|
|
| 作者: | 杨宝智 著 | |
| 分册: | ||
| 出版信息: | 北京 人民音乐出版社 2004 |
|
| 页数: | 68页 | |
| 开本: | 21cm | |
| 丛书名: | ||
| 单 册: | ||
| 中图分类: | J622.16 | |
| 科图分类: | ||
| 主题词: | 小提琴--教学法 , 小提琴 , 教学法 | |
| 电子资源: | ||
| ISBN: | 7-103-02771-4 | |
| 000 | 00807nam0 2200241 450 | |
| 001 | 002575133 | |
| 005 | 20070805134516.64 | |
| 010 | @a7-103-02771-4@dCNY7.50 | |
| 100 | @a20040517d2004 em y0chiy0110 ea | |
| 101 | 0 | @achi |
| 102 | @aCN@b110000 | |
| 105 | @ay z 000yy | |
| 200 | 1 | @a林耀基小提琴教学法精要@9lin yao ji xiao ti qin jiao xue fa jing yao@f杨宝智著 |
| 210 | @a北京@c人民音乐出版社@d2004 | |
| 215 | @a68页@d21cm | |
| 330 | @a本书对林教授“生动活泼地运用辩证法的观点和生活里及自然界的实例,去解释和解决小提琴演奏中的一些常见的问题”的教学方法、从“思想、要诀、艺术”三方面进行介绍。 | |
| 606 | 0 | @a小提琴@x教学法 |
| 606 | 0 | @a小提琴 |
| 606 | 0 | @a教学法 |
| 690 | @aJ622.16@v4 | |
| 701 | 0 | @a杨宝智@9yang bao zhi@c(教授)@4著 |
| 801 | 0 | @aCN@bNLC@c20070805 |
| 905 | @a10447@dJ622.16@e142 | |
| 林耀基小提琴教学法精要/杨宝智著.-北京:人民音乐出版社,2004 |
| 68页;21cm |
| ISBN 7-103-02771-4:CNY7.50 |
| 本书对林教授“生动活泼地运用辩证法的观点和生活里及自然界的实例,去解释和解决小提琴演奏中的一些常见的问题”的教学方法、从“思想、要诀、艺术”三方面进行介绍。 |
| ● |
| 相关链接 |
|
|
|
|
正题名:林耀基小提琴教学法精要
索取号:J622.16/142
 
预约/预借
| 序号 | 登录号 | 条形码 | 馆藏地/架位号 | 状态 | 备注 |
| 1 | 0394864 | 203948648 | 第一样本阅览室/ [索取号:J622.16/142] | 在馆 | |
| 2 | 0394865 | 203948657 | 第一借阅区/ [索取号:J622.16/142] | 在馆 | |
| 3 | 0394866 | 203948666 | 第一借阅区/ [索取号:J622.16/142] | 在馆 | |
| 4 | 0394867 | 203948675 | 第一借阅区/ [索取号:J622.16/142] | 在馆 | |
| 5 | 0394868 | 203948684 | 第一借阅区/ [索取号:J622.16/142] | 在馆 | |
| 6 | 0804698 | 208046988 | 密集书库-音乐系/ [索取号:J622.16/142] | 在馆 | |
| 7 | 0804699 | 208046997 | 第一借阅区/ [索取号:J622.16/142] | 在馆 | |
| 8 | 0804700 | 208047004 | 密集书库-音乐系/ [索取号:J622.16/142] | 在馆 | |
| 9 | 0804701 | 208047013 | 密集书库-音乐系/ [索取号:J622.16/142] | 在馆 | |
| 10 | 0804702 | 208047022 | 第一借阅区/ [索取号:J622.16/142] | 在馆 |